[Event "Wch U18 Girls"]
[Site "Montevideo"]
[Date "2017.09.26"]
[Round "11"]
[White "Du Plessis, Anika"]
[Black "Atte, Rebeka"]
[Result "1/2-1/2"]
[WhiteElo "1484"]
[BlackElo "1590"]
[PlyCount "118"]
[EventDate "2017.09.17"]
[EventType "swiss"]
[EventRounds "11"]
[EventCountry "URU"]
[SourceTitle "EXT 2018"]
[Source "ChessBase"]
[SourceDate "2017.10.13"]
[SourceVersion "1"]
[SourceVersionDate "2017.10.13"]
[SourceQuality "1"]

1. e4 c5 2. c3 Nc6 3. d4 cxd4 4. cxd4 d5 5. e5 Qb6 6. Ne2 Bg4 7. Nbc3 e6 8. a3 f6 9. f3 Bf5 10. Na4 Qc7 11. Bf4 fxe5 12. dxe5 Nxe5 13. Nd4 a6 14. Nxf5 exf5 15. Qxd5 Bd6 16. Rd1 Nxf3+ 17. gxf3 Bxf4 18. Qxf5 Nf6 19. Nc5 Qe5+ 20. Qxe5+ Bxe5 21. Nxb7 Bxb2 22. Nd6+ Ke7 23. Rg1 g6 24. Nc4 Bc3+ 25. Ke2 Rab8 26. Bh3 Rhf8 27. Rd3 Rb3 28. Rc1 Nh5 29. Re3+ Kf6 30. Rexc3 Rxc3 31. Rxc3 Nf4+ 32. Kf1 Nxh3 33. Nd2 Rd8 34. Rc6+ Ke5 35. Ne4 Rd3 36. Rxa6 Rxf3+ 37. Kg2 Kxe4 38. Ra4+ Ke3 39. Rb4 Nf4+ 40. Kg1 h5 41. a4 h4 42. a5 h3 43. Rb3+ Nd3 44. a6 Rf8 45. a7 Rc8 46. Rb1 Ra8 47. Ra1 g5 48. Ra5 g4 49. Ra3 Ke4 50. Ra4+ Kf5 51. Ra5+ Ne5 52. Kf2 Ke6 53. Kg3 Kf5 54. Ra6 Ke4 55. Ra4+ Kd5 56. Ra5+ Kd6 57. Ra6+ Kd7 58. Kf4 Nc6 59. Kxg4 Rxa7 1/2-1/2

[Event "Wch U18 Girls"]
[Site "Montevideo"]
[Date "2017.09.23"]
[Round "8"]
[White "Atte, Rebeka"]
[Black "Schloffer, Jasmin Denise"]
[Result "0-1"]
[WhiteElo "1590"]
[BlackElo "1993"]
[PlyCount "146"]
[EventDate "2017.09.17"]
[EventType "swiss"]
[EventRounds "11"]
[EventCountry "URU"]
[SourceTitle "CBM 180 Extra"]
[Source "ChessBase"]
[SourceDate "2017.10.06"]
[SourceVersion "1"]
[SourceVersionDate "2017.10.06"]
[SourceQuality "1"]

1. c4 c5 2. Nf3 Nc6 3. Nc3 e5 4. e3 g6 5. d4 exd4 6. exd4 cxd4 7. Nxd4 Bg7 8. Ndb5 Be5 9. Nd6+ Bxd6 10. Qxd6 Qe7+ 11. Qxe7+ Ngxe7 12. Nb5 0-0 13. Nc7 Rb8 14. Bf4 Nf5 15. 0-0-0 b6 16. Bd3 Ng7 17. Be4 a6 18. a3 Nh5 19. Bh6 Ng7 20. Bf4 Rb7 21. Nxa6 Ra7 22. Nc7 Ne6 23. Nxe6 fxe6 24. Bg3 Na5 25. Bb8 Ra6 26. Bg3 Nxc4 27. Bd3 b5 28. f3 d5 29. Rhe1 Bd7 30. Bxc4 bxc4 31. Be5 h6 32. Rd2 Bb5 33. Bc3 Rf5 34. Rde2 Bd7 35. Rd2 Ra8 36. Rde2 Kh7 37. Be5 g5 38. Bc3 Kg6 39. Be5 h5 40. Bc3 Kf7 41. Rd2 Kg6 42. Be5 Re8 43. Bc3 Bc6 44. Be5 Kf7 45. Rde2 Bd7 46. Rd2 Ke7 47. Rde2 Ra8 48. Rd2 Kd8 49. Rde2 Kc8 50. Bc3 Kb7 51. Re5 Raf8 52. R5e2 Ra8 53. Re5 Raf8 54. R5e2 Kc6 55. Re5 Kb5 56. R5e2 Ka4 57. Re5 R8f7 58. R5e2 g4 59. fxg4 hxg4 60. h3 gxh3 61. gxh3 Rh7 62. Rh2 Rf3 63. h4 Rf4 64. h5 d4 65. Bd2 Rf3 66. Re4 Kb3 67. Rh1 c3 68. bxc3 dxc3 69. Be3 Rf5 70. h6 Bc6 71. Rxe6 Bxh1 72. Rb6+ Kxa3 73. Kc2 Rc7 0-1

[Event "Wch U18 Girls"]
[Site "Montevideo"]
[Date "2017.09.22"]
[Round "7"]
[White "Carreras Colman, Luz Gabriela"]
[Black "Atte, Rebeka"]
[Result "0-1"]
[WhiteElo "1424"]
[BlackElo "1590"]
[PlyCount "104"]
[EventDate "2017.09.17"]
[EventType "swiss"]
[EventRounds "11"]
[EventCountry "URU"]
[SourceTitle "CBM 180 Extra"]
[Source "ChessBase"]
[SourceDate "2017.10.06"]
[SourceVersion "1"]
[SourceVersionDate "2017.10.06"]
[SourceQuality "1"]

1. d4 d5 2. Bf4 Nf6 3. Nf3 e6 4. e3 Bb4+ 5. c3 Be7 6. Be2 0-0 7. h3 Nbd7 8. 0-0 c5 9. Nbd2 b6 10. a3 Bb7 11. Bh2 Ne8 12. Rc1 Bd6 13. Bxd6 Nxd6 14. Ne5 f6 15. Nxd7 Qxd7 16. f4 Nf5 17. Rf3 Rae8 18. g4 Nd6 19. Qf1 Qe7 20. Re1 c4 21. Bd1 e5 22. f5 exd4 23. cxd4 a6 24. a4 Kh8 25. Qf2 b5 26. Bc2 Bc6 27. axb5 axb5 28. Ra1 Ra8 29. Qe1 b4 30. b3 c3 31. Nf1 Ne4 32. Bd3 Rfe8 33. Ra6 Rxa6 34. Bxa6 Ra8 35. Bd3 Ra2 36. Qd1 Qc7 37. Bc2 Bb5 38. Nh2 Nd2 39. Rf2 Qg3+ 40. Rg2 Qxe3+ 41. Kh1 Qxd4 42. Rg1 Qe5 43. Re1 Qb8 44. Re6 Nxb3 45. Nf3 Ra1 46. Bb1 Nd2 47. Nxd2 cxd2 48. Re3 Ba4 49. Qg1 Rxb1 50. Qxb1 d1Q+ 51. Qxd1 Bxd1 52. Kg2 Kg8 0-1

[Event "Wch U18 Girls"]
[Site "Montevideo"]
[Date "2017.09.19"]
[Round "4"]
[White "Atte, Rebeka"]
[Black "Cosme Contreras, Trilce"]
[Result "0-1"]
[WhiteElo "1590"]
[BlackElo "1872"]
[PlyCount "50"]
[EventDate "2017.09.17"]
[EventType "swiss"]
[EventRounds "11"]
[EventCountry "URU"]
[SourceTitle "CBM 180 Extra"]
[Source "ChessBase"]
[SourceDate "2017.10.06"]
[SourceVersion "1"]
[SourceVersionDate "2017.10.06"]
[SourceQuality "1"]

1. c4 e5 2. g3 Nf6 3. Bg2 c6 4. Nc3 Bc5 5. e3 0-0 6. Nge2 d5 7. cxd5 cxd5 8. d4 exd4 9. Nxd4 Bxd4 10. Qxd4 Nc6 11. Qc5 d4 12. Nd5 Be6 13. Nf4 d3 14. Nxe6 fxe6 15. Bd2 Rc8 16. 0-0 b6 17. Qc4 Qd6 18. Bh3 Rfe8 19. Rac1 Qd5 20. Rfd1 Kf7 21. Qa4 Ne7 22. Qxa7 Ra8 23. Qxb6 Reb8 24. Qc7 Rb7 25. Bxe6+ Kxe6 0-1

[Event "EU-ch (Women) 18th"]
[Site "Riga"]
[Date "2017.04.22"]
[Round "11"]
[White "Atte, Rebeka"]
[Black "Harlinska, Sandra"]
[Result "1-0"]
[WhiteElo "1498"]
[BlackElo "1881"]
[PlyCount "73"]
[EventDate "2017.04.11"]
[EventType "swiss"]
[EventRounds "11"]
[EventCountry "LAT"]
[SourceTitle "EXT 2018"]
[Source "ChessBase"]
[SourceDate "2017.10.13"]
[SourceVersion "1"]
[SourceVersionDate "2017.10.13"]
[SourceQuality "1"]

1. c4 Nf6 2. Nc3 g6 3. g3 Bg7 4. Bg2 c6 5. Nf3 0-0 6. 0-0 d5 7. cxd5 cxd5 8. Qa4 Bd7 9. Qb4 Bc6 10. d3 Na6 11. Qh4 Re8 12. Rb1 e5 13. Bh6 d4 14. Nd1 Nb4 15. a3 Nbd5 16. Ng5 Nh5 17. Bxg7 Kxg7 18. b4 a6 19. Nb2 h6 20. Nf3 Qxh4 21. Nxh4 Nc3 22. Bxc6 Nxe2+ 23. Kg2 bxc6 24. Rfe1 Nc3 25. Rbc1 c5 26. bxc5 Rac8 27. Nc4 Rxc5 28. Nf3 f6 29. Nxd4 Nb5 30. Nxb5 axb5 31. Nd6 Rxc1 32. Rxc1 Rd8 33. Nxb5 Rxd3 34. Rc7+ Kg8 35. a4 Rd5 36. Rb7 Ng7 37. a5 1-0

[Event "EU-ch (Women) 18th"]
[Site "Riga"]
[Date "2017.04.20"]
[Round "9"]
[White "Exler, Veronika"]
[Black "Atte, Rebeka"]
[Result "1-0"]
[WhiteElo "2208"]
[BlackElo "1498"]
[PlyCount "91"]
[EventDate "2017.04.11"]
[EventType "swiss"]
[EventRounds "11"]
[EventCountry "LAT"]
[SourceTitle "CBM 177 Extra"]
[Source "ChessBase"]
[SourceDate "2017.04.27"]
[SourceVersion "1"]
[SourceVersionDate "2017.04.27"]
[SourceQuality "1"]

1. d4 d5 2. Nf3 Nf6 3. e3 e6 4. Bd3 Be7 5. 0-0 0-0 6. b3 b6 7. Ne5 Bb7 8. Bb2 Nbd7 9. Nd2 Nxe5 10. dxe5 Nd7 11. Qh5 h6 12. f4 Qe8 13. Qh3 Bc5 14. g4 f6 15. g5 f5 16. gxh6 Qg6+ 17. Kf2 Qxh6 18. Qg3 Kf7 19. Bb5 Ke7 20. Rg1 g6 21. Qg5+ Qxg5 22. Rxg5 a6 23. Bxd7 Kxd7 24. Rxg6 Rae8 25. Nf3 Rh8 26. Rag1 Rh3 27. R1g3 Reh8 28. Rxh3 Rxh3 29. Kg2 Rh7 30. Ng5 Rh4 31. Nxe6 Bxe3 32. Kg3 Rh8 33. Ng7 d4 34. Nxf5 Be4 35. Rg7+ Kc8 36. Nxd4 c5 37. Nf3 Rf8 38. Rg4 Bxc2 39. Ng5 Bd1 40. Ne6 Rf7 41. Rg6 Rd7 42. Rg8+ Kb7 43. Rg7 Kc6 44. Rxd7 Kxd7 45. Ng7 Bc2 46. Kg4 1-0

[Event "EU-ch (Women) 18th"]
[Site "Riga"]
[Date "2017.04.17"]
[Round "7"]
[White "Paramzina, Anastasya"]
[Black "Atte, Rebeka"]
[Result "1-0"]
[WhiteElo "2202"]
[BlackElo "1498"]
[PlyCount "85"]
[EventDate "2017.04.11"]
[EventType "swiss"]
[EventRounds "11"]
[EventCountry "LAT"]
[SourceTitle "CBM 177 Extra"]
[Source "ChessBase"]
[SourceDate "2017.04.27"]
[SourceVersion "1"]
[SourceVersionDate "2017.04.27"]
[SourceQuality "1"]

1. e4 c5 2. Nf3 g6 3. d4 cxd4 4. Nxd4 Bg7 5. c4 Nf6 6. Nc3 Nc6 7. Be3 d6 8. Be2 0-0 9. 0-0 Bd7 10. Rc1 Nxd4 11. Bxd4 Bc6 12. f3 Nd7 13. Be3 a5 14. b3 Nc5 15. Qd2 Be5 16. Rfd1 e6 17. Qe1 Qe7 18. Nb5 Rfd8 19. Nd4 Qc7 20. Kh1 Na6 21. Qg1 Qe7 22. Qe1 Qc7 23. Qf2 Qe7 24. Bf1 Nc7 25. Rd2 Ne8 26. Rcd1 Ng7 27. Nxc6 bxc6 28. f4 Bc3 29. Rd3 Bb4 30. Qb2 Bc5 31. Bc1 Rdb8 32. a3 Ra6 33. Bd2 Qb7 34. Rb1 Nh5 35. b4 axb4 36. axb4 Rb6 37. Rb3 d5 38. Be2 Ng7 39. Bc3 Ne8 40. Qd2 Bd6 41. R3b2 d4 42. Qxd4 f6 43. c5 1-0

[Event "EU-ch (Women) 18th"]
[Site "Riga"]
[Date "2017.04.13"]
[Round "3"]
[White "Narva, Regina R"]
[Black "Atte, Rebeka"]
[Result "1-0"]
[WhiteElo "2000"]
[BlackElo "1498"]
[PlyCount "61"]
[EventDate "2017.04.11"]
[EventType "swiss"]
[EventRounds "11"]
[EventCountry "LAT"]
[SourceTitle "CBM 177 Extra"]
[Source "ChessBase"]
[SourceDate "2017.04.27"]
[SourceVersion "1"]
[SourceVersionDate "2017.04.27"]
[SourceQuality "1"]

1. e4 c5 2. Nf3 g6 3. c3 Bg7 4. d4 cxd4 5. cxd4 Nc6 6. Nc3 d6 7. h3 Nf6 8. Be3 0-0 9. Be2 b6 10. 0-0 Bb7 11. d5 Nb8 12. Nd4 Nbd7 13. f4 a6 14. Bf3 b5 15. a3 Nc5 16. Rc1 Rc8 17. Rf2 e6 18. b4 e5 19. fxe5 dxe5 20. bxc5 exd4 21. Bxd4 Bh6 22. Rcc2 Re8 23. c6 Ba8 24. e5 Nh5 25. Bxh5 gxh5 26. Qxh5 Qg5 27. Qxf7+ Kh8 28. e6+ Bg7 29. Ne4 Qg6 30. Bxg7+ Qxg7 31. Qxg7+ 1-0

[Event "EU-ch (Women) 18th"]
[Site "Riga"]
[Date "2017.04.11"]
[Round "1"]
[White "Doluhanova, Evgeniya"]
[Black "Atte, Rebeka"]
[Result "1-0"]
[WhiteElo "2287"]
[BlackElo "1498"]
[PlyCount "61"]
[EventDate "2017.04.11"]
[EventType "swiss"]
[EventRounds "11"]
[EventCountry "LAT"]
[SourceTitle "CBM 177 Extra"]
[Source "ChessBase"]
[SourceDate "2017.04.27"]
[SourceVersion "1"]
[SourceVersionDate "2017.04.27"]
[SourceQuality "1"]

1. e4 c5 2. Nf3 g6 3. d4 cxd4 4. Nxd4 Bg7 5. c4 Nf6 6. Nc3 Nc6 7. Be3 0-0 8. Be2 d6 9. 0-0 Bd7 10. Nb3 Ne8 11. Qd2 f5 12. Bh6 a6 13. Bxg7 Kxg7 14. Rad1 Nf6 15. exf5 Bxf5 16. Nd4 Bd7 17. Nf3 Qa5 18. Rfe1 Rab8 19. a3 Rbe8 20. Qc1 Ne5 21. b4 Nxf3+ 22. Bxf3 Qb6 23. Qb2 e5 24. Nd5 Nxd5 25. c5 dxc5 26. Rxd5 Bc8 27. Rdxe5 Rxe5 28. Qxe5+ Qf6 29. Qxc5 Re8 30. Qc7+ Kh6 31. Qc1+ 1-0